Résumé historique de la réforme pénitentiaire en Suède (Record no. 151429)

MARC details
000 -LEADER
campo de control de longitud fija 01098nam a2200217 i 4500
001 - NÚMERO DE CONTROL
campo de control 151429
003 - IDENTIFICADOR DE NÚMERO DE CONTROL
campo de control ES-MaACL
005 - FECHA Y HORA DE LA ÚLTIMA TRANSACCIÓN
campo de control 20250719062535.0
008 - DATOS DE LONGITUD FIJA--INFORMACIÓN GENERAL
campo de control de longitud fija 050822s1885 sw |||| | fre d
100 2# - ENTRADA PRINCIPAL--NOMBRE DE PERSONA
Nombre de persona Almquist, Gustav Fridolf,
Fechas asociadas al nombre 1814-1866
9 (RLIN) 125621
245 10 - MENCIÓN DEL TÍTULO
Título Résumé historique de la réforme pénitentiaire en Suède
Resto del título : depuis le commencement du XIX siècle /
Mención de responsabilidad, etc. par G.-Fr. Almquist.
260 ## - PUBLICACIÓN, DISTRIBUCIÓN, ETC.
Lugar de publicación, distribución, etc. Stockholm :
Nombre del editor, distribuidor, etc. Kongl. Boktryckeriet,
Fecha de publicación, distribución, etc. 1885.
300 ## - DESCRIPCIÓN FÍSICA
Extensión 70 p. ;
Dimensiones 23 cm.
650 #4 - PUNTO DE ACCESO ADICIONAL DE MATERIA--TÉRMINO DE MATERIA
Término de materia o nombre geográfico como elemento de entrada Establecimientos penitenciarios-
Subdivisión geográfica Suecia.
9 (RLIN) 143334
650 #4 - PUNTO DE ACCESO ADICIONAL DE MATERIA--TÉRMINO DE MATERIA
Término de materia o nombre geográfico como elemento de entrada Derecho penal-
Subdivisión geográfica Suecia.
9 (RLIN) 139194
852 ## - LOCALIZACIÓN
Ubicación ES-MaACL
Número de control de estantería D-85(6)
itemnumber 156886
Sublocalización o colección R.FOLL.5/6
Ubicación en estantería Sala Valle Inclán
Signatura antigua Olim: 193-C-19
Marcas de propiedad Sello en tinta en portada: "Donativo del Sr. Lastres al Ateneo de Madrid 1907"
Anotaciones manuscritas Anotación manuscrita en portada: "Folletos penitenciarios. Tomo 9."
Donativo/Legado Donación: Francisco Lastres y Juiz
Encuadernación Encuadernado con otras obras formando un volumen facticio
903 ## - NOMBRE PERSONAL DE DONANTE
a Lastres y Juiz, Francisco,
d 1848-1918
q 1
e Donante
9 70504
942 ## - ELEMENTOS DE ENTRADA SECUNDARIOS (KOHA)
Fuente del sistema de clasificación o colocación Clasificación decimal universal
Tipo de ítem Koha Libro impreso antiguo
Holdings
Estatus retirado Estado de pérdida Fuente del sistema de clasificación o colocación Estado de daño No para préstamo Colección Biblioteca de origen Biblioteca actual Ubicación en estantería Fecha de adquisición Fuente de adquisición Total de préstamos Signatura topográfica completa Código de barras Visto por última vez Precio de reemplazo Tipo de ítem Koha
    Clasificación decimal universal     Libros del s. XIX Biblioteca del Ateneo de Madrid Biblioteca del Ateneo de Madrid Sala Valle Inclán 17/01/2008 Donación   D-85(6) 901157997 23/02/2023 23/02/2023 Libro impreso antiguo